Name That Animal Picture Quiz - Statistics

General Stats
  • This quiz has been taken 80 times
  • The average score is 11 of 12
Answer Stats
Picture Answer % Correct
Tiger
100%
Cat
98%
Chick
98%
Fox
98%
Eagle
97%
Owl
97%
Hippo
95%
Whale
89%
Turkey
87%
Goose
85%
Coyote
69%
Platypus
65%
No matching quizzes found
Score Distribution
Percent of People with Each Score
Percentile by Number Answered
Your Score History
You have not taken this quiz